000 01211nam2a2200325 4500
001 RU\NLR\bibl\2048483
005 20260408162312.0
010 _a978-5-453-00049-4
_bУРСС
010 _a978-5-397-03934-5
_bЛиброком
021 _aRU
_b2013-42058
_92907
035 _a(NLR Aleph) 002035585
090 _a4571248
_c4571248
100 _a20130628d2013 u y0rusy50 ca
101 0 _arus
102 _aRU
105 _aa |||||||||
200 1 _aТеория гомологий
210 _d2013
215 _a287 с.
_cил.
320 _aБиблиогр. в конце ст.
320 _aПредм. указ.: с. 286-287
461 0 _1001RU\NLR\bibl\2051606
_12001#$aСовременная геометрия$vТ. 3
_94585131
_aДубровин, Б. А.
_cМосква
_d2013
_eИзд. 6-е
_fБ.А. Дубровин, С.П. Новиков, А.Т. Фоменко
_nURSS
_oметоды и приложения
_tСовременная геометрия
_vТ. 3
606 _aГомологии (мат.)
_3RU\NLR\auth\66342069
_9929688
686 _aВ182.31
801 0 _aRU
_bNLR
_c20130628
_gRCR
801 1 _aRU
_bNLR
_c20130628
942 _cBOOK
980 _aNBR
980 _aNB